| 000 | 00554nam a2200217Ia 4500 | ||
|---|---|---|---|
| 008 | 160803s9999 xx 000 0 und d | ||
| 020 | _a0 590368052 | ||
| 100 | _aCarle, Erick | ||
| 245 | _aLittle cloud / | ||
| 245 | _cby Eric Carle. | ||
| 260 | _aNew York : | ||
| 260 | _bScholastic Inc. | ||
| 260 | _c1996 | ||
| 300 | _a27 unnumbered pages : | ||
| 300 | _bcolor illustrations ; | ||
| 300 | _c31 cm | ||
| 500 | _aOriginally published: New York : Philomel Books, c1996. | ||
| 650 | _aClouds -- | ||
| 650 | _xFiction. | ||
| 700 | _a390 | ||
| 999 |
_c298841 _d298841 |
||